| 000 | 00821cam a22002531 4500 | ||
|---|---|---|---|
| 001 | 49954 | ||
| 003 | BD-RjUL | ||
| 005 | 20211209075433.0 | ||
| 008 | 160823s1954 enka 000 0 eng | ||
| 035 | _a(BD-RjUL)50074 | ||
| 035 | _a(OCoLC)2891119 | ||
| 040 |
_aDLC _cScU _dUk _dDLC _beng |
||
| 041 | _aeng | ||
| 082 |
_223 _a373 _bSEC 1954 |
||
| 110 | 2 |
_aScience Masters' Association. _9149710 |
|
| 245 | 1 | 0 |
_aSecondary modern science teaching : _ba report on the teaching of science in secondary modern schools / _cprepared by the Secondary Modern Schools Sub-committee. |
| 250 | _a2nd edi. | ||
| 260 |
_aLondon : _bMurray, _c1954 |
||
| 300 |
_axi, 171 p. : _bill. ; _c23 cm. |
||
| 505 | 0 | _apart 1 -- | |
| 650 | 0 |
_aScience _xStudy and teaching (Secondary) _9139702 |
|
| 942 |
_2ddc _cBK |
||
| 999 |
_c49954 _d49954 |
||